|
|
|
|
| LEADER |
00000nam0a2200000 4500 |
| 001 |
330017 |
| 005 |
20231101025425.0 |
| 035 |
|
|
|a (RuTPU)RU\TPU\book\355790
|
| 035 |
|
|
|a RU\TPU\book\291863
|
| 090 |
|
|
|a 330017
|
| 100 |
|
|
|a 20170327d1965 km y0rusy50 ca
|
| 101 |
0 |
|
|a rus
|
| 102 |
|
|
|a RU
|
| 105 |
|
|
|a a z 001zy
|
| 200 |
1 |
|
|a Рециркуляционные пламенные печи
|f А. У. Пуговкин
|
| 210 |
|
|
|a Москва
|a Ленинград
|c Машиностроение
|d 1965
|
| 215 |
|
|
|a 163 с.
|c ил.
|
| 320 |
|
|
|a Библиогр.: с. 161-162
|
| 606 |
1 |
|
|a Пламенные печи
|x Эксплуатация
|2 stltpush
|3 (RuTPU)RU\TPU\subj\48981
|
| 610 |
1 |
|
|a машиностроение
|
| 610 |
1 |
|
|a рециркуляционные системы
|
| 610 |
1 |
|
|a тепловая работа
|
| 610 |
1 |
|
|a нагрев
|
| 610 |
1 |
|
|a тепловые расчеты
|
| 610 |
1 |
|
|a конструктивные элементы
|
| 610 |
1 |
|
|a интенсификация
|
| 675 |
|
|
|a 621.783.2
|v 3
|
| 700 |
|
1 |
|a Пуговкин
|b А. У.
|g Александр Устинович
|
| 801 |
|
1 |
|a RU
|b 63413507
|c 20140908
|
| 801 |
|
2 |
|a RU
|b 63413507
|c 20200114
|g RCR
|
| 942 |
|
|
|c BK
|